000 00408nam a22001577a 4500
005 20251108170007.0
008 250721s1993 xx 000 0 ara d
082 1 4 _aق/طه
100 1 _aوادي، طه
245 1 0 _aالعشق و العطش /
264 1 _aالقاهرة :
_bمكتبة مصر،
_c1993.
300 _a152ص
650 1 7 _aالقصص العربية
942 _2ddc
_cBK
999 _c36861
_d36861